000 00341nam a2200133Ia 4500
008 100328s9999 xx 000 0 und d
082 _b46712
100 _aवैद्य अनुराधा
245 _aप्रवाह
260 _bगौरी
630 _aप्रवाह
730 _aप्रवाह
942 _cBOOK
999 _c534642
_d534639